00774nam a2200205Ia 4500003000900000008004100009040001600050080002500066110003300091245014100124260005000265300000800315500002800323650003300351650001800384650002100402942000700423999001500430952012300445IN-BaIIA211028s9999 xx 000 0 eng d cIIA Library a083.7:621.822.7bISI aIndian Standards Institution 0aIndian standard methods of evaluating static load ratings of rolling bearingsbpt. 3, thrust ball bearingscIndian Standards Institution aNew DelhibIndian Standards Institutionc1967 a4p. aIS 3823 : Part 3 : 1966 a Bearings - standards99133 a Standards  aNASA thesaurus  cBK c5141d5141 00104070aBANbBANcGENd1976-12-22g5.00l0o083.7:621.822.7/ ISIp5741r2021-11-05v5.00w1976-12-22yBKGRs. 5.00